Statistics for Horse Breeds

Click here to take the quiz!

General Stats

  • This quiz has been taken 51 times
  • The average score is 8 of 10

Answer Stats

QuestionAnswer% Correct
Choose the American Paint
100%
Choose the Arabian
98%
Choose the Shire
90%
Choose the Thoroughbred
88%
Choose the Appaloosa
86%
Choose the Percheron Draft
81%
Choose the Morgan
74%
Choose the Mustang
67%
Choose the Galineers Cob
64%
Choose the Clydesdale
50%

Score Distribution

Percentile by Number Answered

Percent of People with Each Score

Your Score History

You have not taken this quiz